|
|
|
|
| LEADER |
01871nam a2200397Ia 4500 |
| 001 |
EBC3377906 |
| 003 |
MiAaPQ |
| 005 |
20200520144314.0 |
| 006 |
m o d | |
| 007 |
cr cn||||||||| |
| 008 |
910614s1991 dcua sb 001 0 eng d |
| 010 |
|
|
|z 91062261
|
| 020 |
|
|
|z 0309045428 (v. 2)
|
| 035 |
|
|
|a (MiAaPQ)EBC3377906
|
| 035 |
|
|
|a (Au-PeEL)EBL3377906
|
| 035 |
|
|
|a (CaPaEBR)ebr10078098
|
| 035 |
|
|
|a (OCoLC)919466229
|
| 040 |
|
|
|a MiAaPQ
|c MiAaPQ
|d MiAaPQ
|
| 050 |
|
4 |
|a HD30.23
|b .N38 1991
|
| 110 |
2 |
|
|a National Research Council (U.S.).
|b Panel to Evaluate Microsimulation Models for Social Welfare Programs.
|
| 245 |
1 |
0 |
|a Technical papers
|h [electronic resource] :
|b the uses of microsimulation modeling /
|c Constance F. Citro and Eric A. Hanushek, editors ; Panel to Evaluate Microsimulation Models for Social Welfare Programs, Committee on National Statistics, Commission on Behavioral and Social Sciences Education, National Research Council.
|
| 260 |
|
|
|a Washington, D.C. :
|b National Academy Press,
|c 1991.
|
| 300 |
|
|
|a viii, 351 p. :
|b ill.
|
| 490 |
0 |
|
|a Improving information for social policy decisions ;
|v v.2
|
| 504 |
|
|
|a Includes bibliographical references and index.
|
| 505 |
0 |
|
|a Technical papers.
|
| 533 |
|
|
|a Electronic reproduction. Ann Arbor, MI : ProQuest, 2015. Available via World Wide Web. Access may be limited to ProQuest affiliated libraries.
|
| 650 |
|
0 |
|a Decision making
|x Mathematical models.
|
| 650 |
|
0 |
|a Public welfare
|x Decision making.
|
| 650 |
|
0 |
|a Social policy
|x Decision making.
|
| 650 |
|
0 |
|a Social policy
|x Simulation methods.
|
| 655 |
|
4 |
|a Electronic books.
|
| 700 |
1 |
|
|a Citro, Constance F.
|q (Constance Forbes),
|d 1942-
|
| 700 |
1 |
|
|a Hanushek, Eric A.
|q (Eric Alan),
|d 1943-
|
| 710 |
2 |
|
|a ProQuest (Firm)
|
| 856 |
4 |
0 |
|u https://ebookcentral.proquest.com/lib/matrademy/detail.action?docID=3377906
|z Click to View
|